000 00561nam a2200241Ia 4500
005 20251020182501.0
008 200515s9999 xx 000 0 und d
082 _a624.943/W74
100 _aNilson, Arthur H.
100 _aWinter, George
245 0 _aDesign of Concrete Structures
250 _a8a ed.
260 _aTokyo
260 _bMcGraw-Hill Kogakisha, Ltd.
260 _c1972
300 _a615 p.
300 _bil., tbl., graf.
500 _a1 ejemplar
650 _aCONCRETO
650 _aESTRUCTURAS
942 _cLIB
999 _c1151
_d1151